ও আমার আমেরিকা রে / (Record no. 213)
[ view plain ]
| 000 -LEADER | |
|---|---|
| fixed length control field | 00664nam a2200229 a 4500 |
| 001 - CONTROL NUMBER | |
| JCCL Control Number | 213 |
| 003 - CONTROL NUMBER IDENTIFIER | |
| JCCL marc code | BD-JhCC |
| 005 - DATE AND TIME OF LATEST TRANSACTION | |
| control field | 20171016130956.0 |
| 008 - FIXED-LENGTH DATA ELEMENTS--GENERAL INFORMATION | |
| fixed length control field | 171002s2004 b |||| |||| 00| 0 ben d |
| 020 ## - INTERNATIONAL STANDARD BOOK NUMBER | |
| International Standard Book Number | 9844017963 |
| 035 ## - SYSTEM CONTROL NUMBER | |
| system control number | (BD-JhCC)213 |
| 040 ## - CATALOGING SOURCE | |
| Original cataloging agency | BD-JhCC |
| Modifying agency | BD-JhCC |
| 041 ## - LANGUAGE CODE | |
| Language code of Book | ben |
| 082 ## - DEWEY DECIMAL CLASSIFICATION NUMBER | |
| DDC Edition number | 21 |
| Classification number | 917.3 |
| Author mark and Year | KAS 2004 |
| 100 ## - MAIN ENTRY--PERSONAL NAME | |
| Personal name | কাশেম , গাজী, |
| 245 ## - TITLE STATEMENT | |
| Title | ও আমার আমেরিকা রে / |
| Statement of responsibility, etc | গাজী কাশেম , |
| 260 ## - PUBLICATION, DISTRIBUTION, ETC. (IMPRINT) | |
| Place of publication, distribution, etc | ঢাকা, |
| Name of publisher, distributor, etc | আগামী প্রকাশনী , |
| Date of publication, distribution, etc | ২০০৪ |
| 300 ## - PHYSICAL DESCRIPTION | |
| Pagination | 112p. ; |
| Dimensions | 22cm. |
| 650 ## - SUBJECT ADDED ENTRY--TOPICAL TERM | |
| Topical term or geographic name as entry element | Travel |
| General subdivision | America (USA) |
| 942 ## - ADDED ENTRY ELEMENTS (KOHA) | |
| Source of classification or shelving scheme | Dewey Decimal Classification |
| Koha item type | Books |
| Source of classification or shelving scheme | Damaged status | Not for loan | Home library | Current library | Shelving location | Date of accession | Cost, normal purchase price | Total Checkouts | Full call number | Barcode | Date last seen | Copy number | Koha item type |
|---|---|---|---|---|---|---|---|---|---|---|---|---|---|
| Dewey Decimal Classification | JCC Rouf Library | JCC Rouf Library | General Stacks | 10/02/2017 | 100.00 | 917.3 KAS 2004 | 1222 | 10/02/2017 | C-1 | Books |